000 01295 a2200241 4500
008 090312t xxu||||| |||| 00| 0 hin d
010 _aHIN-78736
020 _a8187733470
_c100.00
035 _aHN-51182
035 _aB-317894
037 _bD.B.Act / pub
082 _a303.484
100 _aकाशीराम
245 _aचमचा युग
_cकाशीराम अनुवादक एस.एस.गौतम
246 _aChamcha Yug
_bKanshiram
260 _aदिल्ली
_bसिद्धार्थ बुक्स
_c2006
270 _aचन्दन सदन सी-263 ए,गली नं.9,हरदेवपुरी,शाहदरा
_bदिल्ली
_e110093
_k22570380
300 _a144पृ
_c22सेमी (सजिल्द)
700 _aगौतम, एस.एस.अनुवादक
942 _adpl
_cHN
_k /
_2ddc
_h303.484
_mकाशीरा
999 _c504
_d504